6 satunnaista maata maailmankartalla 15 sekunnissa - Statistics

Yleistilastot
  • Tätä visaa on pelattu 74 kertaa
  • Keskiarvotulos 4 / 6
Vastaukset kartalla
Vastauksille on annettu kartalla punavihreä väri sen mukaan, kuinka moni on saanut sen oikein.
 
Vastaustilastot
maa % Oikein
Alankomaat
100%
Australia
100%
Brasilia
100%
Eritrea
100%
Espanja
100%
Etelä-Afrikka
100%
Ghana
100%
Guyana
100%
Intia
100%
Irlanti
100%
Italia
100%
Jemen
100%
Kreikka
100%
Laos
100%
Latvia
100%
Liberia
100%
Libya
100%
Madagaskar
100%
Malesia
100%
Malta
100%
Marokko
100%
Monaco
100%
Mongolia
100%
Namibia
100%
Nepal
100%
Oman
100%
Pakistan
100%
Peru
100%
Pohjois-Korea
100%
Romania
100%
Saksa
100%
Sambia
100%
Saudi-Arabia
100%
Sri Lanka
100%
Sudan
100%
Suriname
100%
Tadžikistan
100%
Tanska
100%
Togo
100%
Trinidad ja Tobago
100%
Turkki
100%
Uganda
100%
Ukraina
100%
Viro
100%
Yhdistynyt kuningaskunta
100%
Ecuador
50%
Guinea-Bissau
50%
Haiti
50%
Swazimaa
50%
Afganistan
0%
Albania
0%
Algeria
0%
Andorra
0%
Angola
0%
Antigua ja Barbuda
0%
Argentiina
0%
Armenia
0%
Azerbaidžan
0%
Bahama
0%
Bahrain
0%
Bangladesh
0%
Barbados
0%
Belgia
0%
Belize
0%
Benin
0%
Bhutan
0%
Bolivia
0%
Bosnia ja Hertsegovina
0%
Botswana
0%
Brunei
0%
Bulgaria
0%
Burkina Faso
0%
Burundi
0%
Cabo Verde
0%
Chile
0%
Costa Rica
0%
Côte d'Ivoire
0%
Djibouti
0%
Dominica
0%
Dominikaaninen tasavalta
0%
Egypti
0%
El Salvador
0%
Etelä-Korea
0%
Etelä-Sudan
0%
Etiopia
0%
Fidži
0%
Filippiinit
0%
Gabon
0%
Gambia
0%
Georgia
0%
Grenada
0%
Guatemala
0%
Guinea
0%
Honduras
0%
Indonesia
0%
Irak
0%
Iran
0%
Islanti
0%
Israel
0%
Itävalta
0%
Jamaika
0%
Japani
0%
Jordania
0%
Kambodža
0%
Kamerun
0%
Kanada
0%
Kazakstan
0%
Kenia
0%
Keski-Afrikan tasavalta
0%
Kiina
0%
Kirgisia
0%
Kiribati
0%
Kolumbia
0%
Komorit
0%
Kongo
0%
Kongon dem tasavalta
0%
Kosovo
0%
Kroatia
0%
Kuuba
0%
Kuwait
0%
Kypros
0%
Lesotho
0%
Libanon
0%
Liechtenstein
0%
Liettua
0%
Luxemburg
0%
Malawi
0%
Malediivit
0%
Mali
0%
Marshallinsaaret
0%
Mauritania
0%
Mauritius
0%
Meksiko
0%
Mikronesia
0%
Moldova
0%
Montenegro
0%
Mosambik
0%
Myanmar
0%
Nauru
0%
Nicaragua
0%
Niger
0%
Nigeria
0%
Norja
0%
Päiväntasaajan Guinea
0%
Palau
0%
Panama
0%
Papua-Uusi-Guinea
0%
Paraguay
0%
Pohjois-Makedonia
0%
Portugali
0%
Puola
0%
Qatar
0%
Ranska
0%
Ruanda
0%
Ruotsi
0%
Saint Kitts ja Nevis
0%
Saint Lucia
0%
Saint Vincent ja Grenadiinit
0%
Salomonsaaret
0%
Samoa
0%
San Marino
0%
São Tomé ja Príncipe
0%
Senegal
0%
Serbia
0%
Seychellit
0%
Sierra Leone
0%
Singapore
0%
Slovakia
0%
Slovenia
0%
Somalia
0%
Suomi
0%
Sveitsi
0%
Syyria
0%
Taiwan
0%
Tansania
0%
Thaimaa
0%
Timor-Leste
0%
Tonga
0%
Tšad
0%
Tšekki
0%
Tunisia
0%
Turkmenistan
0%
Tuvalu
0%
Unkari
0%
Uruguay
0%
Uusi-Seelanti
0%
Uzbekistan
0%
Valko-Venäjä
0%
Vanuatu
0%
Vatikaanivaltio
0%
Venäjä
0%
Venezuela
0%
Vietnam
0%
Yhdistyneet arabiemiirikunnat
0%
Yhdysvallat
0%
Zimbabwe
0%
Ehtoja vastaavia visoja ei löytynyt
Tulosjakauma
Jokaisen tuloksen saaneiden osuus
Persentiili vastausten määrän mukaan
Tuloshistoriasi
Et ole pelannut tätä visaa